000 00363nam a2200145Ia 4500
008 230312s9999||||xx |||||||||||||| ||und||
082 _a572
_bMUS-E
100 _aMushtaq Ahmad
245 0 _aEssentials of Medical Biochemistry-ll
260 _bIlmi Book House
_aPakistan
_c2001
300 _a403
546 _aEng.
650 _aMedical
_vBiochemistry
942 _cBK
999 _c7176
_d7176